000
00218nam a22000857a 4500
008
170131b xxu||||| |||| 00| 0 eng d
100
_9
2685
_a
Verlag.M.H.
245
_a
Lernziel Deutsch-XI-XII
260
_a
Chennai
_b
G.B.C.
_c
1998
999
_c
5846
_d
5846